| 000 | 01026nas a2200325 4500 | ||
|---|---|---|---|
| 001 | BR9803275 | ||
| 003 | BR-BrBNA | ||
| 005 | 20231205100816.0 | ||
| 007 | ta | ||
| 008 | 230509b bl.|||p| |||| 00| 00por d | ||
| 040 |
_aBR-BrBNA _bpor _cBiblioteca Nacional de Agricultura |
||
| 041 | _a(Pt) | ||
| 072 | _aF30; U10 | ||
| 100 | 1 | _aAmaral Junior, A.T. do | |
| 100 | 1 | _aCasali, V.W.D. | |
| 100 | 1 | _aCruz, C.D. | |
| 100 | 1 | _aFinger, F.L. | |
| 100 | 1 | _aScapim, C.A. | |
| 245 | 1 | _aMelhoramento do tomateiro: 2: procedimento de Gardner e Eberhart na analise heterotica de caracteristicas morfoagronomicas e da qualidade dos frutos | |
| 650 | _aTomate | ||
| 650 | _aMelhoramento Genetico Vegetal | ||
| 650 | _aCruzamento Vegetal | ||
| 650 | _aVigor Hibrido | ||
| 650 | _aVariedade | ||
| 650 | _aAnalise Estatistica | ||
| 650 | _aModelo Matematico | ||
| 773 | 0 |
_tBragantia (Brazil) _xISSN 0006-8705 _g(1997), v. 56(tomo 1) p. 33-46 _wBR9803275 |
|
| 909 |
_a202311 _bLúcia _c55 _dLúcia Elande |
||
| 942 |
_2AGRIS _n0 _cANA |
||
| 999 |
_c158209 _d158209 |
||